000 00994cam a22002893a 4500
001 11239
003 PGUSA
005 20140828083234.0
008 040201s2004||||xxu|||||s|||||000 1 eng d
040 _aPGUSA
_beng
042 _adc
050 4 _aPR
100 1 _aDefoe, Daniel,
_d-1731
245 1 4 _aThe Life and Adventures of Robinson Crusoe of York, Mariner, Volume 1 :
_bWith an Account of His Travels Round Three Parts of the Globe, Written By Himself, in Two Volumes
_h[electronic resource] /
_cDaniel Defoe
260 _bProject Gutenberg,
_c2004
506 _aPublic domain in the USA.
516 _aElectronic text
653 _aAtlantic Ocean -- Fiction
653 _aCastaways -- Fiction
653 _aShipwreck survival -- Fiction
653 _aAdventure stories
653 _aCrusoe, Robinson (Fictitious character) -- Fiction
653 _aIslands -- Fiction
830 0 _aProject Gutenberg
_v11239
856 4 0 _uhttp://www.gutenberg.org/ebooks/11239
942 _cEB
999 _c240494
_d240494